[Event "Blitz 2018"]
[Site "Saint-Petersburg"]
[Date "2018.12.29"]
[Round "3"]
[Board "28"]
[White "Bosiocic Marin (CRO)"]
[Black "Danielyan Vahe (ARM)"]
[Result "1-0"]
[LiveChessVersion "1.4.8"]
[BlackElo "2417"]
[WhiteElo "2653"]

1. e4 {[%clk 0:03:03]} e5 {[%clk 0:03:03]} 2. Nf3 {[%clk 0:03:05]} Nc6
{[%clk 0:03:05]} 3. Bc4 {[%clk 0:03:06]} Bc5 4. c3 Nf6 {[%clk 0:03:07]} 5. d4
{[%clk 0:03:09]} exd4 {[%clk 0:03:08]} 6. e5 {[%clk 0:03:10]} d5 {[%clk 0:03:10]}
7. Bb5 {[%clk 0:03:11]} Ne4 {[%clk 0:03:11]} 8. cxd4 {[%clk 0:03:12]} Bb6
{[%clk 0:03:11]} 9. Nc3 {[%clk 0:03:13]} Nxc3 {[%clk 0:03:09]} 10. bxc3
{[%clk 0:03:14]} O-O {[%clk 0:03:09]} 11. O-O {[%clk 0:03:13]} Ne7
{[%clk 0:03:09]} 12. Bd3 {[%clk 0:03:09]} Ng6 {[%clk 0:03:06]} 13. Bg5
{[%clk 0:03:01]} Qd7 {[%clk 0:02:59]} 14. h3 {[%clk 0:03:02]} Qc6
{[%clk 0:02:59]} 15. Qd2 {[%clk 0:02:58]} Be6 {[%clk 0:02:53]} 16. Nh2
{[%clk 0:02:55]} Rae8 {[%clk 0:02:22]} 17. Rac1 {[%clk 0:02:56]} Qd7
{[%clk 0:02:16]} 18. f4 {[%clk 0:02:51]} Bf5 {[%clk 0:02:10]} 19. Bxf5
{[%clk 0:02:49]} Qxf5 {[%clk 0:02:11]} 20. g4 {[%clk 0:02:35]} Qd7
{[%clk 0:02:12]} 21. Kh1 {[%clk 0:02:32]} h6 {[%clk 0:02:14]} 22. Bxh6
{[%clk 0:02:21]} gxh6 {[%clk 0:02:11]} 23. f5 {[%clk 0:02:22]} Nh8
{[%clk 0:02:04]} 24. f6 {[%clk 0:02:11]} Kh7 {[%clk 0:01:52]} 25. Rf5
{[%clk 0:02:12]} Rg8 {[%clk 0:01:45]} 26. Qxh6+ {[%clk 0:01:51]} Kxh6
{[%clk 0:01:46]} 27. Rh5+ {[%clk 0:01:52]} Kg6 {[%clk 0:01:45]} 28. Nf3
{[%clk 0:01:53]} Rxe5 {[%clk 0:01:17]} 29. Nxe5+ {[%clk 0:01:54]} Kxf6
{[%clk 0:01:16]} 30. Nxd7+ {[%clk 0:01:55]} Ke7 {[%clk 0:01:16]} 31. Nxb6
{[%clk 0:01:53]} axb6 {[%clk 0:01:18]} 32. Rxd5 {[%clk 0:01:54]} Ng6
{[%clk 0:01:17]} 33. Re1+ {[%clk 0:01:53]} Kf6 {[%clk 0:01:16]} 34. Rd7
{[%clk 0:01:54]} Rh8 {[%clk 0:01:10]} 35. Rf1+ {[%clk 0:01:31]} Kg5
{[%clk 0:01:11]} 36. Rd5+ {[%clk 0:01:31]} Kh4 {[%clk 0:01:11]} 37. Kh2
{[%clk 0:01:31]} Ne7 {[%clk 0:01:02]} 38. Re5 {[%clk 0:01:24]} 1-0

[Event "Blitz 2018"]
[Site "Saint-Petersburg"]
[Date "2018.12.29"]
[Round "3"]
[Board "29"]
[White "Abdusattorov Nodirbek (UZB)"]
[Black "Salem A.R. Saleh (UAE)"]
[Result "1-0"]
[LiveChessVersion "1.4.8"]
[BlackElo "2645"]
[WhiteElo "2469"]

1. e4 {[%clk 0:03:00]} c5 {[%clk 0:03:03]} 2. Nf3 {[%clk 0:03:01]} d6
{[%clk 0:03:05]} 3. Bb5+ {[%clk 0:03:01]} Nd7 {[%clk 0:03:05]} 4. O-O
{[%clk 0:03:02]} a6 {[%clk 0:03:06]} 5. Bd3 {[%clk 0:03:03]} Ngf6
{[%clk 0:03:06]} 6. Re1 {[%clk 0:03:02]} e6 {[%clk 0:02:58]} 7. c3
{[%clk 0:03:03]} b5 {[%clk 0:02:57]} 8. Bc2 {[%clk 0:02:58]} c4 {[%clk 0:02:58]}
9. a4 {[%clk 0:02:58]} Bb7 {[%clk 0:02:56]} 10. d4 {[%clk 0:02:54]} cxd3
{[%clk 0:02:56]} 11. Bxd3 {[%clk 0:02:52]} bxa4 {[%clk 0:02:50]} 12. Qxa4
{[%clk 0:02:49]} Be7 {[%clk 0:02:50]} 13. Be3 {[%clk 0:02:42]} O-O
{[%clk 0:02:51]} 14. Nbd2 {[%clk 0:02:43]} Ng4 {[%clk 0:02:34]} 15. Qc2
{[%clk 0:02:17]} Nxe3 {[%clk 0:02:32]} 16. Rxe3 {[%clk 0:02:17]} Qc7
{[%clk 0:02:27]} 17. Nb3 {[%clk 0:02:09]} Nc5 {[%clk 0:02:02]} 18. Nxc5
{[%clk 0:02:10]} Qxc5 {[%clk 0:02:02]} 19. e5 {[%clk 0:02:01]} h6
{[%clk 0:02:01]} 20. Be4 {[%clk 0:01:55]} d5 {[%clk 0:01:51]} 21. Bh7+
{[%clk 0:01:47]} Kh8 {[%clk 0:01:53]} 22. Nd4 {[%clk 0:01:45]} a5
{[%clk 0:01:22]} 23. Bd3 {[%clk 0:01:40]} Ba6 {[%clk 0:01:16]} 24. Re2
{[%clk 0:01:29]} Rfb8 {[%clk 0:01:09]} 25. Bxa6 {[%clk 0:01:25]} Rxa6
{[%clk 0:01:10]} 26. g3 {[%clk 0:01:20]} Kg8 {[%clk 0:01:07]} 27. Qd3
{[%clk 0:01:20]} Rab6 {[%clk 0:01:06]} 28. Ra2 {[%clk 0:01:20]} Ra8
{[%clk 0:00:56]} 29. Kg2 {[%clk 0:01:17]} a4 {[%clk 0:00:57]} 30. b4
{[%clk 0:01:00]} Qc7 {[%clk 0:00:58]} 31. Ra3 {[%clk 0:00:57]} Rb7
{[%clk 0:00:51]} 32. Rea2 {[%clk 0:00:49]} Qxe5 {[%clk 0:00:47]} 33. Rxa4
{[%clk 0:00:50]} Rxa4 {[%clk 0:00:31]} 34. Rxa4 {[%clk 0:00:50]} g6
{[%clk 0:00:32]} 35. Nc6 {[%clk 0:00:39]} Qc7 {[%clk 0:00:32]} 36. Ra8+
{[%clk 0:00:34]} Kg7 {[%clk 0:00:12]} 37. Nxe7 {[%clk 0:00:32]} Qxe7 38. Qd4+ f6
{[%clk 0:00:14]} 39. Rc8 {[%clk 0:00:29]} g5 {[%clk 0:00:08]} 40. Rc6
{[%clk 0:00:27]} Qd7 {[%clk 0:00:06]} 41. Qc5 {[%clk 0:00:28]} e5
{[%clk 0:00:03]} 42. Rd6 {[%clk 0:00:26]} Qf5 {[%clk 0:00:03]} 43. Qxd5
{[%clk 0:00:26]} Rc7 {[%clk 0:00:05]} 44. c4 {[%clk 0:00:23]} g4 {[%clk 0:00:06]}
45. b5 {[%clk 0:00:21]} Qf3+ {[%clk 0:00:04]} 46. Qxf3 {[%clk 0:00:20]} gxf3+
{[%clk 0:00:05]} 47. Kxf3 Rxc4 48. Rb6 {[%clk 0:00:11]} Rb4 {[%clk 0:00:07]} 49.
Rb8 {[%clk 0:00:12]} f5 {[%clk 0:00:05]} 50. b6 {[%clk 0:00:10]} Rb3+
{[%clk 0:00:06]} 51. Ke2 {[%clk 0:00:10]} e4 {[%clk 0:00:07]} 52. b7
{[%clk 0:00:11]} h5 {[%clk 0:00:07]} 53. h4 {[%clk 0:00:11]} Kh7 {[%clk 0:00:07]}
54. Kd2 {[%clk 0:00:12]} Kg7 {[%clk 0:00:07]} 55. Kc2 {[%clk 0:00:13]} Rb6
{[%clk 0:00:05]} 56. Kc3 {[%clk 0:00:13]} Rb1 {[%clk 0:00:04]} 57. Kd4
{[%clk 0:00:13]} Rb5 {[%clk 0:00:04]} 58. Ke3 {[%clk 0:00:11]} Rb3+
{[%clk 0:00:04]} 59. Kf4 {[%clk 0:00:11]} Rb5 {[%clk 0:00:06]} 60. Kg5 Kh7 61.
Kf6 {[%clk 0:00:12]} Rb2 {[%clk 0:00:04]} 62. Rf8 {[%clk 0:00:08]} Rb6+
{[%clk 0:00:03]} 63. Kxf5 {[%clk 0:00:07]} Rxb7 {[%clk 0:00:05]} 64. Kxe4
{[%clk 0:00:07]} Kg6 {[%clk 0:00:04]} 65. Rg8+ {[%clk 0:00:06]} Kh6
{[%clk 0:00:04]} 66. Rg5 {[%clk 0:00:06]} Rf7 {[%clk 0:00:05]} 67. Rf5
{[%clk 0:00:07]} Re7+ {[%clk 0:00:07]} 68. Kf4 {[%clk 0:00:08]} Re2
{[%clk 0:00:07]} 69. Rf6+ {[%clk 0:00:06]} Kg7 {[%clk 0:00:04]} 70. Kg5
{[%clk 0:00:09]} Re5+ {[%clk 0:00:03]} 71. Rf5 {[%clk 0:00:10]} 1-0

[Event "Blitz 2018"]
[Site "Saint-Petersburg"]
[Date "2018.12.29"]
[Round "3"]
[Board "30"]
[White "Oparin Grigoriy (RUS)"]
[Black "Tsoi Dmitry (RUS)"]
[Result "1-0"]
[LiveChessVersion "1.4.8"]
[BlackElo "2387"]
[WhiteElo "2641"]

1. Nf3 {[%clk 0:03:02]} f5 {[%clk 0:03:03]} 2. c4 {[%clk 0:02:59]} Nf6
{[%clk 0:03:04]} 3. d4 {[%clk 0:03:00]} e6 {[%clk 0:03:05]} 4. e3
{[%clk 0:02:36]} d5 {[%clk 0:03:01]} 5. Be2 {[%clk 0:02:36]} c6 {[%clk 0:03:00]}
6. O-O {[%clk 0:02:35]} Bd6 {[%clk 0:03:00]} 7. b3 {[%clk 0:02:36]} Qe7
{[%clk 0:03:01]} 8. a4 {[%clk 0:02:34]} O-O {[%clk 0:03:00]} 9. Ba3
{[%clk 0:02:34]} Nbd7 {[%clk 0:02:58]} 10. Bxd6 {[%clk 0:02:28]} Qxd6
{[%clk 0:02:58]} 11. a5 {[%clk 0:02:26]} Ne4 {[%clk 0:02:42]} 12. Nbd2
{[%clk 0:02:21]} Ndf6 {[%clk 0:01:48]} 13. Ne5 {[%clk 0:02:15]} Bd7
{[%clk 0:01:48]} 14. Qc2 {[%clk 0:01:49]} Be8 {[%clk 0:01:42]} 15. f3
{[%clk 0:01:50]} Nxd2 {[%clk 0:01:42]} 16. Qxd2 {[%clk 0:01:51]} Nd7
{[%clk 0:01:39]} 17. f4 {[%clk 0:01:47]} Nxe5 {[%clk 0:01:34]} 18. fxe5
{[%clk 0:01:46]} Qe7 {[%clk 0:01:34]} 19. b4 {[%clk 0:01:43]} Bd7
{[%clk 0:01:22]} 20. b5 {[%clk 0:01:34]} dxc4 {[%clk 0:01:06]} 21. bxc6
{[%clk 0:01:21]} Bxc6 {[%clk 0:01:07]} 22. Bxc4 {[%clk 0:01:22]} Kh8
{[%clk 0:00:48]} 23. Rac1 {[%clk 0:01:20]} Rad8 {[%clk 0:00:48]} 24. Be2
{[%clk 0:01:12]} Qg5 {[%clk 0:00:21]} 25. Bf3 {[%clk 0:01:12]} Bxf3
{[%clk 0:00:12]} 26. Rxf3 {[%clk 0:01:13]} Rd7 {[%clk 0:00:11]} 27. Rff1
{[%clk 0:01:03]} h6 {[%clk 0:00:12]} 28. Qf2 {[%clk 0:00:53]} Rfd8
{[%clk 0:00:10]} 29. Rc5 {[%clk 0:00:46]} Rd5 {[%clk 0:00:09]} 30. Rfc1
{[%clk 0:00:46]} Qe7 {[%clk 0:00:06]} 31. h4 {[%clk 0:00:39]} Kh7
{[%clk 0:00:07]} 32. Qg3 {[%clk 0:00:38]} Qf7 {[%clk 0:00:08]} 33. Qf3
{[%clk 0:00:30]} R8d7 {[%clk 0:00:09]} 34. R1c2 {[%clk 0:00:24]} Qe7
{[%clk 0:00:10]} 35. Qg3 {[%clk 0:00:24]} Qf7 {[%clk 0:00:10]} 36. Qf3
{[%clk 0:00:15]} Qe7 {[%clk 0:00:11]} 37. Qf4 {[%clk 0:00:16]} Qf7
{[%clk 0:00:10]} 38. Kh2 {[%clk 0:00:13]} Qe7 {[%clk 0:00:09]} 39. Kh3
{[%clk 0:00:13]} Qf7 {[%clk 0:00:10]} 40. Kh2 {[%clk 0:00:11]} Qe7
{[%clk 0:00:11]} 41. g3 {[%clk 0:00:12]} Qf7 {[%clk 0:00:09]} 42. g4
{[%clk 0:00:13]} fxg4 {[%clk 0:00:05]} 43. Qxf7 {[%clk 0:00:12]} Rxf7
{[%clk 0:00:06]} 44. Rxd5 {[%clk 0:00:13]} exd5 {[%clk 0:00:07]} 45. Rc5
{[%clk 0:00:07]} h5 {[%clk 0:00:07]} 46. Rxd5 {[%clk 0:00:08]} Rf2+
{[%clk 0:00:08]} 47. Kg1 {[%clk 0:00:08]} Re2 {[%clk 0:00:07]} 48. e6
{[%clk 0:00:07]} Rxe3 {[%clk 0:00:08]} 49. Rxh5+ {[%clk 0:00:08]} Kg6
{[%clk 0:00:07]} 50. Rg5+ {[%clk 0:00:05]} Kf6 {[%clk 0:00:09]} 51. d5
{[%clk 0:00:06]} Rd3 {[%clk 0:00:07]} 52. Kf2 {[%clk 0:00:06]} b5
{[%clk 0:00:08]} 53. axb6 {[%clk 0:00:07]} axb6 {[%clk 0:00:09]} 54. Ke2
{[%clk 0:00:08]} Rd4 {[%clk 0:00:08]} 55. Ke3 {[%clk 0:00:10]} Rd1
{[%clk 0:00:09]} 56. Ke4 {[%clk 0:00:10]} Re1+ {[%clk 0:00:10]} 57. Kf4
{[%clk 0:00:11]} Rd1 {[%clk 0:00:04]} 58. Rf5+ {[%clk 0:00:12]} Ke7 59. Rf7+
{[%clk 0:00:13]} Ke8 {[%clk 0:00:03]} 60. Ke5 {[%clk 0:00:14]} g3
{[%clk 0:00:04]} 61. Rxg7 {[%clk 0:00:14]} 1-0

[Event "Blitz 2018"]
[Site "Saint-Petersburg"]
[Date "2018.12.29"]
[Round "3"]
[Board "31"]
[White "Tang Andrew (USA)"]
[Black "Paravyan David (RUS)"]
[Result "1-0"]
[LiveChessVersion "1.4.8"]
[BlackElo "2629"]
[WhiteElo "2501"]

1. d4 {[%clk 0:03:03]} Nf6 {[%clk 0:03:03]} 2. c4 {[%clk 0:03:03]} e6
{[%clk 0:03:04]} 3. Nc3 {[%clk 0:03:03]} Bb4 {[%clk 0:03:05]} 4. Qc2
{[%clk 0:03:04]} c5 {[%clk 0:03:06]} 5. dxc5 {[%clk 0:03:05]} O-O
{[%clk 0:03:06]} 6. Nf3 {[%clk 0:03:05]} Na6 {[%clk 0:03:07]} 7. g3
{[%clk 0:03:07]} Nxc5 {[%clk 0:03:07]} 8. Bg2 {[%clk 0:03:08]} Nce4
{[%clk 0:03:08]} 9. O-O {[%clk 0:03:09]} Nxc3 {[%clk 0:03:09]} 10. bxc3
{[%clk 0:03:09]} Be7 {[%clk 0:03:10]} 11. e4 {[%clk 0:03:10]} d6 {[%clk 0:03:12]}
12. e5 {[%clk 0:03:11]} dxe5 {[%clk 0:03:13]} 13. Nxe5 {[%clk 0:03:12]} Nd7
{[%clk 0:03:14]} 14. Rd1 {[%clk 0:02:52]} Qc7 {[%clk 0:03:08]} 15. Nxd7
{[%clk 0:02:50]} Bxd7 {[%clk 0:03:09]} 16. Bf4 {[%clk 0:02:50]} Qc8
{[%clk 0:03:09]} 17. Bd6 {[%clk 0:02:28]} Re8 {[%clk 0:03:00]} 18. c5
{[%clk 0:02:28]} Bc6 {[%clk 0:02:58]} 19. Be4 {[%clk 0:01:45]} f5
{[%clk 0:02:50]} 20. Bxc6 {[%clk 0:01:43]} Qxc6 {[%clk 0:02:51]} 21. Qb3
{[%clk 0:01:43]} Bf6 {[%clk 0:02:31]} 22. Re1 {[%clk 0:01:17]} Kf7
{[%clk 0:02:15]} 23. Rad1 {[%clk 0:00:48]} Rad8 {[%clk 0:02:12]} 24. Qa3
{[%clk 0:00:28]} a6 {[%clk 0:01:55]} 25. Rb1 {[%clk 0:00:30]} b5 {[%clk 0:01:56]}
26. Rbd1 {[%clk 0:00:27]} Be7 {[%clk 0:00:56]} 27. Bxe7 {[%clk 0:00:17]} Kxe7
{[%clk 0:00:53]} 28. c4 {[%clk 0:00:18]} Rxd1 {[%clk 0:00:30]} 29. Rxd1
{[%clk 0:00:19]} Rd8 {[%clk 0:00:31]} 30. Re1 {[%clk 0:00:13]} bxc4
{[%clk 0:00:27]} 31. Qc3 {[%clk 0:00:15]} Kf7 {[%clk 0:00:21]} 32. Qxc4
{[%clk 0:00:16]} Rd5 {[%clk 0:00:17]} 33. Rc1 {[%clk 0:00:17]} g5
{[%clk 0:00:16]} 34. Qc3 {[%clk 0:00:17]} Kg6 {[%clk 0:00:10]} 35. Qh8
{[%clk 0:00:16]} Rd7 {[%clk 0:00:04]} 36. Qg8+ {[%clk 0:00:16]} Rg7
{[%clk 0:00:05]} 37. Qf8 {[%clk 0:00:17]} Rf7 {[%clk 0:00:05]} 38. Qb8
{[%clk 0:00:17]} Rb7 {[%clk 0:00:03]} 39. Qe5 {[%clk 0:00:17]} Qd5
{[%clk 0:00:04]} 40. Qh8 {[%clk 0:00:11]} Rc7 {[%clk 0:00:05]} 41. Qg8+
{[%clk 0:00:10]} Rg7 {[%clk 0:00:05]} 42. Qe8+ {[%clk 0:00:12]} Kh6
{[%clk 0:00:03]} 43. c6 {[%clk 0:00:12]} Rc7 {[%clk 0:00:04]} 44. Qf8+
{[%clk 0:00:13]} Kg6 {[%clk 0:00:05]} 45. Qb8 {[%clk 0:00:12]} Qd6
{[%clk 0:00:05]} 46. Qb6 {[%clk 0:00:12]} f4 {[%clk 0:00:04]} 47. Qxa6
{[%clk 0:00:12]} f3 {[%clk 0:00:03]} 48. Qc4 {[%clk 0:00:12]} Qd5
{[%clk 0:00:00]} 1-0

[Event "Blitz 2018"]
[Site "Saint-Petersburg"]
[Date "2018.12.29"]
[Round "3"]
[Board "32"]
[White "Gutenev Alexander (RUS)"]
[Black "Grigoriants Sergey (RUS)"]
[Result "1-0"]
[LiveChessVersion "1.4.8"]
[BlackElo "2626"]
[WhiteElo "2419"]

1. e4 {[%clk 0:03:02]} c6 {[%clk 0:02:59]} 2. d4 {[%clk 0:03:03]} d5
{[%clk 0:03:00]} 3. Nd2 {[%clk 0:03:04]} dxe4 {[%clk 0:03:00]} 4. Nxe4
{[%clk 0:03:05]} Bf5 {[%clk 0:03:01]} 5. Ng3 {[%clk 0:03:06]} Bg6
{[%clk 0:03:02]} 6. h4 {[%clk 0:03:07]} h6 {[%clk 0:03:01]} 7. Nf3
{[%clk 0:03:08]} e6 {[%clk 0:03:02]} 8. Ne5 {[%clk 0:03:06]} Bh7 {[%clk 0:03:02]}
9. Bd3 {[%clk 0:03:07]} Bxd3 {[%clk 0:03:01]} 10. Qxd3 {[%clk 0:03:07]} Nd7
{[%clk 0:03:02]} 11. f4 {[%clk 0:02:48]} Be7 {[%clk 0:02:42]} 12. Bd2
{[%clk 0:02:48]} Nxe5 {[%clk 0:02:22]} 13. fxe5 {[%clk 0:02:49]} Bxh4
{[%clk 0:02:23]} 14. O-O-O {[%clk 0:02:49]} Bxg3 {[%clk 0:02:21]} 15. Qxg3
{[%clk 0:02:50]} Ne7 {[%clk 0:02:22]} 16. Qxg7 {[%clk 0:02:51]} Rg8
{[%clk 0:02:19]} 17. Qh7 {[%clk 0:02:51]} Qd5 {[%clk 0:02:07]} 18. Rdf1
{[%clk 0:02:51]} O-O-O {[%clk 0:01:53]} 19. Rxf7 {[%clk 0:02:41]} Rh8
{[%clk 0:00:59]} 20. Qd3 {[%clk 0:02:35]} Nf5 {[%clk 0:00:59]} 21. c3
{[%clk 0:02:01]} Rhg8 {[%clk 0:00:49]} 22. Qf3 {[%clk 0:01:45]} Rxg2
{[%clk 0:00:34]} 23. Qxd5 {[%clk 0:01:41]} Rxd5 {[%clk 0:00:35]} 24. Bxh6
{[%clk 0:01:24]} Rd7 {[%clk 0:00:17]} 25. Rxd7 {[%clk 0:01:16]} Kxd7
{[%clk 0:00:19]} 26. Bd2 {[%clk 0:01:16]} Rg7 {[%clk 0:00:13]} 27. Rh8
{[%clk 0:00:57]} Kc7 {[%clk 0:00:08]} 28. a4 {[%clk 0:00:52]} b6 {[%clk 0:00:09]}
29. Kc2 {[%clk 0:00:51]} c5 {[%clk 0:00:09]} 30. dxc5 {[%clk 0:00:49]} bxc5
{[%clk 0:00:10]} 31. Kb3 {[%clk 0:00:36]} Kc6 {[%clk 0:00:11]} 32. Rd8
{[%clk 0:00:29]} Rb7+ {[%clk 0:00:12]} 33. Kc2 {[%clk 0:00:29]} Rd7
{[%clk 0:00:09]} 34. Rxd7 {[%clk 0:00:22]} Kxd7 {[%clk 0:00:10]} 35. Kd3
{[%clk 0:00:22]} Kc6 {[%clk 0:00:11]} 36. Kc4 {[%clk 0:00:23]} Nh4
{[%clk 0:00:07]} 37. b4 {[%clk 0:00:21]} cxb4 {[%clk 0:00:07]} 38. cxb4
{[%clk 0:00:22]} a6 {[%clk 0:00:05]} 39. b5+ {[%clk 0:00:20]} axb5+ 40. axb5+
{[%clk 0:00:21]} Kc7 {[%clk 0:00:07]} 41. Kc5 {[%clk 0:00:21]} Nf5
{[%clk 0:00:04]} 42. Ba5+ {[%clk 0:00:21]} Kb7 {[%clk 0:00:06]} 43. Bd8
{[%clk 0:00:20]} Kc8 {[%clk 0:00:06]} 44. Bg5 {[%clk 0:00:16]} Kc7
{[%clk 0:00:07]} 45. b6+ {[%clk 0:00:14]} Kb7 {[%clk 0:00:08]} 46. Bf6
{[%clk 0:00:14]} Ne3 {[%clk 0:00:09]} 47. Bd8 {[%clk 0:00:11]} Nf5
{[%clk 0:00:09]} 48. Bc7 {[%clk 0:00:12]} Ne3 {[%clk 0:00:03]} 49. Kd6
{[%clk 0:00:13]} Nc4+ {[%clk 0:00:03]} 50. Kxe6 {[%clk 0:00:14]} Kc6
{[%clk 0:00:04]} 51. Kf6 {[%clk 0:00:13]} Ne3 {[%clk 0:00:04]} 52. e6
{[%clk 0:00:12]} Nd5+ {[%clk 0:00:06]} 53. Kf7 {[%clk 0:00:13]} 1-0

[Event "Blitz 2018"]
[Site "Saint-Petersburg"]
[Date "2018.12.29"]
[Round "3"]
[Board "33"]
[White "Shubin Kirill (RUS)"]
[Black "Cheparinov Ivan (GEO)"]
[Result "0-1"]
[LiveChessVersion "1.4.8"]
[BlackElo "2618"]
[WhiteElo "2398"]

1. e4 {[%clk 0:03:03]} c6 {[%clk 0:03:03]} 2. d4 {[%clk 0:03:04]} d5
{[%clk 0:03:04]} 3. exd5 {[%clk 0:03:05]} cxd5 {[%clk 0:03:05]} 4. Bd3
{[%clk 0:03:05]} Nc6 {[%clk 0:03:06]} 5. c3 {[%clk 0:03:07]} Nf6 {[%clk 0:03:06]}
6. Bf4 {[%clk 0:03:07]} Bg4 {[%clk 0:03:02]} 7. Qb3 {[%clk 0:03:08]} e5
{[%clk 0:03:02]} 8. dxe5 {[%clk 0:03:06]} Nh5 {[%clk 0:03:03]} 9. Be3
{[%clk 0:03:05]} Nxe5 {[%clk 0:03:03]} 10. Bb5+ {[%clk 0:03:06]} Nc6
{[%clk 0:03:04]} 11. Nd2 {[%clk 0:03:01]} Be6 {[%clk 0:03:02]} 12. Qd1
{[%clk 0:02:57]} Nf6 {[%clk 0:03:02]} 13. Ngf3 {[%clk 0:02:56]} Bd6
{[%clk 0:03:01]} 14. h3 {[%clk 0:02:42]} O-O {[%clk 0:03:01]} 15. Nb3
{[%clk 0:02:39]} Rc8 {[%clk 0:02:47]} 16. Nbd4 {[%clk 0:02:31]} Ne4
{[%clk 0:02:26]} 17. Bd3 {[%clk 0:02:13]} Bd7 {[%clk 0:02:16]} 18. Bc2
{[%clk 0:02:05]} Bb8 {[%clk 0:02:11]} 19. Nb3 {[%clk 0:01:56]} Be6
{[%clk 0:02:04]} 20. Nbd4 {[%clk 0:01:36]} Bd7 {[%clk 0:02:01]} 21. Nb3
{[%clk 0:01:37]} Be6 {[%clk 0:01:53]} 22. Nbd4 Re8 23. Nxe6 {[%clk 0:01:27]} Rxe6
{[%clk 0:01:56]} 24. O-O {[%clk 0:00:58]} Qd6 {[%clk 0:01:54]} 25. Re1
{[%clk 0:00:49]} Rd8 {[%clk 0:01:48]} 26. Kf1 {[%clk 0:00:39]} h6
{[%clk 0:01:38]} 27. Qd3 {[%clk 0:00:28]} Ne5 {[%clk 0:01:34]} 28. Nxe5
{[%clk 0:00:28]} Qxe5 {[%clk 0:01:35]} 29. f3 {[%clk 0:00:24]} Ng3+
{[%clk 0:00:43]} 30. Kf2 {[%clk 0:00:19]} Rg6 {[%clk 0:00:42]} 31. Bd4
{[%clk 0:00:07]} Nh1+ {[%clk 0:00:34]} 32. Rxh1 {[%clk 0:00:04]} Qg3+
{[%clk 0:00:35]} 33. Ke2 {[%clk 0:00:04]} Qxg2+ {[%clk 0:00:35]} 34. Bf2
{[%clk 0:00:04]} Re8+ {[%clk 0:00:35]} 35. Kd1 {[%clk 0:00:04]} Qxh1+
{[%clk 0:00:30]} 36. Kd2 {[%clk 0:00:05]} Qxa1 {[%clk 0:00:27]} 37. Qd4
{[%clk 0:00:03]} Rge6 {[%clk 0:00:23]} 0-1

[Event "Blitz 2018"]
[Site "Saint-Petersburg"]
[Date "2018.12.29"]
[Round "3"]
[Board "34"]
[White "Sjugirov Sanan (RUS)"]
[Black "Oganian Miran (RUS)"]
[Result "0-1"]
[LiveChessVersion "1.4.8"]
[BlackElo "2326"]
[WhiteElo "2748"]

1. d4 {[%clk 0:03:03]} Nf6 {[%clk 0:03:03]} 2. c4 {[%clk 0:03:04]} e6
{[%clk 0:03:04]} 3. Nc3 {[%clk 0:03:06]} Bb4 {[%clk 0:03:05]} 4. Qc2
{[%clk 0:03:07]} Nc6 {[%clk 0:03:06]} 5. Nf3 {[%clk 0:03:07]} d6 {[%clk 0:03:01]}
6. Bd2 {[%clk 0:02:58]} Qe7 {[%clk 0:03:01]} 7. a3 {[%clk 0:02:55]} Bxc3
{[%clk 0:03:02]} 8. Bxc3 {[%clk 0:02:56]} a5 {[%clk 0:02:55]} 9. b3
{[%clk 0:02:43]} e5 {[%clk 0:02:46]} 10. d5 {[%clk 0:02:42]} Nb8 {[%clk 0:02:45]}
11. e3 {[%clk 0:02:40]} O-O {[%clk 0:02:41]} 12. Be2 {[%clk 0:02:28]} c6
{[%clk 0:02:36]} 13. dxc6 {[%clk 0:02:26]} Nxc6 {[%clk 0:02:27]} 14. O-O
{[%clk 0:02:24]} d5 {[%clk 0:02:09]} 15. cxd5 {[%clk 0:02:25]} Nxd5
{[%clk 0:02:09]} 16. Bb2 {[%clk 0:02:25]} f6 {[%clk 0:01:58]} 17. Nh4
{[%clk 0:02:02]} Be6 {[%clk 0:01:27]} 18. Rfd1 {[%clk 0:01:55]} Rfd8
{[%clk 0:01:26]} 19. Bc4 {[%clk 0:01:48]} g6 {[%clk 0:01:17]} 20. Nf3
{[%clk 0:01:42]} Rac8 {[%clk 0:01:14]} 21. Qe2 {[%clk 0:01:42]} Nc7
{[%clk 0:01:02]} 22. Nd2 {[%clk 0:01:31]} Kg7 {[%clk 0:00:59]} 23. f4
{[%clk 0:01:26]} Bxc4 {[%clk 0:00:34]} 24. Nxc4 {[%clk 0:01:18]} exf4
{[%clk 0:00:32]} 25. Rf1 {[%clk 0:01:13]} b5 {[%clk 0:00:17]} 26. Nb6
{[%clk 0:00:55]} Rb8 {[%clk 0:00:17]} 27. Rxf4 {[%clk 0:00:56]} Ne5
{[%clk 0:00:13]} 28. Bd4 {[%clk 0:00:32]} Ne6 {[%clk 0:00:15]} 29. Re4
{[%clk 0:00:25]} Nc5 {[%clk 0:00:07]} 30. Rf4 {[%clk 0:00:08]} Rxb6
{[%clk 0:00:08]} 31. b4 {[%clk 0:00:08]} axb4 32. axb4 Ncd7 {[%clk 0:00:06]} 33.
Bxb6 {[%clk 0:00:09]} Nxb6 {[%clk 0:00:07]} 34. Qxb5 {[%clk 0:00:09]} Nd5
{[%clk 0:00:05]} 35. Rd4 {[%clk 0:00:10]} Nxe3 {[%clk 0:00:03]} 36. Rxd8 Qxd8 37.
Qc5 {[%clk 0:00:05]} Nf5 {[%clk 0:00:04]} 38. b5 {[%clk 0:00:05]} Nd3
{[%clk 0:00:05]} 39. Qa7+ {[%clk 0:00:06]} Kh6 {[%clk 0:00:06]} 40. Rd1
{[%clk 0:00:06]} Qd5 {[%clk 0:00:04]} 41. h3 {[%clk 0:00:05]} Nd4
{[%clk 0:00:03]} 42. Kh2 {[%clk 0:00:03]} Qe5+ {[%clk 0:00:04]} 43. Kh1
{[%clk 0:00:03]} Nf2+ {[%clk 0:00:05]} 44. Kg1 {[%clk 0:00:05]} Nxd1
{[%clk 0:00:06]} 45. Qa3 {[%clk 0:00:05]} Ne3 {[%clk 0:00:04]} 46. b6
{[%clk 0:00:06]} Nc6 {[%clk 0:00:04]} 47. Qf8+ {[%clk 0:00:07]} Kg5
{[%clk 0:00:05]} 48. b7 {[%clk 0:00:06]} Qg3 {[%clk 0:00:04]} 49. Qc5+
{[%clk 0:00:07]} Ne5 {[%clk 0:00:04]} 50. h4+ {[%clk 0:00:05]} Kh5
{[%clk 0:00:04]} 0-1